000 00849nas a2200289 4500
001 BR9901750
003 BR-BrBNA
005 20231205101335.0
007 ta
008 230509b bl.|||p| |||| 00| 00por d
040 _aBR-BrBNA
_bpor
_cBiblioteca Nacional de Agricultura
041 _a(Pt)
072 _aJ11; Q04
100 1 _aAlves, R.M.V.
100 1 _aSigrist, J.M.M.
100 1 _aPadula, M.
245 1 _aAtmosfera modificada em mangas "Tommy Atkins"
650 _aManga
650 _aArmazenamento de Alimento
650 _aAcondicionamento
650 _aControle Ambiental
650 _aEmbalagem
650 _aPropriedade Organoleptica
773 0 _tRevista Brasileira de Fruticultura (Brazil)
_xISSN 0100-2945
_g(1998), v. 20(2) p. 220-228
_wBR9901750
909 _a202311
_bLúcia
_c55
_dLúcia Elande
942 _2AGRIS
_n0
_cANA
999 _c161243
_d161243